000 00297nam a2200133Ia 4500
100 _aCohen/Bernard L
942 _cBK
654 _anuclear
245 _aConcepts of Nuclear Physics
260 _bTata Mc Graw hill
_aNew Delhi
_c1971
082 _a539.7
_bCOH
300 _a437
546 _aENGLISH
999 _c23240
_d23240